| 000 | 00804nas a2200277 4500 | ||
|---|---|---|---|
| 001 | BR2012004450 | ||
| 003 | BR-BrBNA | ||
| 005 | 20231205120738.0 | ||
| 007 | ta | ||
| 008 | 230509b bl.|||p| |||| 00| 00por d | ||
| 040 |
_aBR-BrBNA _bpor _cBiblioteca Nacional de Agricultura |
||
| 041 | _a(En) | ||
| 072 | _aP33 | ||
| 100 | 1 | _aBruun, S. | |
| 100 | 1 | _aEl-Zehery, T. | |
| 245 | 1 | _aBiochar effect on the mineralization of soil organic matter | |
| 650 | _aCARVÃO VEGETAL | ||
| 650 | _aINCUBAÇÃO | ||
| 650 | _aPALHADA | ||
| 650 | _aAVEIA | ||
| 650 | _aMINERALIZAÇÃO | ||
| 650 | _aQUÍMICA DO SOLO | ||
| 773 | 0 |
_tPesquisa Agropecuária Brasileira (Brazil) _xISSN 0100-204X _g(May 2012), v.47(5) p. 665-671 _wBR2012004450 |
|
| 909 |
_a202311 _bLúcia _c55 _dLúcia Elande |
||
| 942 |
_2AGRIS _n0 _cANA |
||
| 999 |
_c220082 _d220082 |
||